Sound the Bells, Or Moon, Arise and Shine! Pakhto Saying (Record no. 4530)

MARC details
000 -LEADER
fixed length control field 00629nam a2200241 a 4500
020 ## - INTERNATIONAL STANDARD BOOK NUMBER
ISBN
082 00 - DEWEY DECIMAL CLASSIFICATION NUMBER
Classification number 398.581
Author Cutter ENE
100 ## - MAIN ENTRY--AUTHOR NAME
Author name Enevoldsen, Jens
245 ## - TITLE STATEMENT
Title Sound the Bells, Or Moon, Arise and Shine! Pakhto Saying
260 ## - PUBLICATION, DISTRIBUTION, ETC. (IMPRINT)
Place of publication Peshawar
Name of publisher University Book Agency
Year of publication 1969
300 ## - PHYSICAL DESCRIPTION
Number of Pages 92p
500 ## - GENERAL NOTE
General note includes index and biblioraphy
505 2# - FORMATTED CONTENTS NOTE
Formatted contents note 3 volumes bound together.
650 ## - SUBJECT ADDED ENTRY--TOPICAL TERM
Topical Term Proverbs-Pushto
942 ## - ADDED ENTRY ELEMENTS (KOHA)
Koha item type Books
700 1# -
-- Enevoldsen, Jens
Holdings
Collection code Home library Current library Date acquired Cost, normal purchase price Full call number Accession Number Koha item type
  Henry Martyn Institute Library Henry Martyn Institute Library 06/06/2007 4.00 398.581 ENE 07080 Books
                   Copyright © 2026 | Henry Martyn Institute | Hyderabad | TS-500052 | INDIA | Implemented by hmi.edu.in
Hit-Count:

Powered by Koha